01131nam a2200229 a 450000100100000000500170001000800410002702000150006804000250008308200150010810000400012324501640016326002360032730000340056349000170059750000740061450400310068870000280071983000240074795201130077199900170088400004149320201002034935.0131008s2006 sp ab 000 0 spa d a840008425X aDO-SdBNPbspacBNPHU axxxbF365j1 aFernández Esquinas, Manuel96819114aLos Jóvenes y la creación de Empresas :bactitudes y comportamientos emprendedores en la juventud andaluza /cManuel Fernández Esquinas, Jorge Ruiz Ruiz. aMadrid :bConsejo Superior de Investigaciones Científicas, Instituto de Estudios Sociales Avanzados de Andalucía : Junta de Andalucía, Consejería para la Igualdad y Bienestar Social, Instituto Andaluz de la Juventud,c2006. a355 p. :bil., maps ;c24 cm.1 aPoliteyav25 aIncluye referencias bibliográficas y notas al pie de las páginas. aBibliografía: p. 275-28512aRuiz Ruiz, Jorge968192 0aPoliteyan25968193 001050718MOaGRbGRcCTd2013-10-08iLF1l0oxxx F365jp41493-10r2020-06-25w2020-06-25y1ZNo se presta c40983d40983